ბათუმის შოთა რუსთაველის სახელმწიფო უნივერსიტეტის ბიბლიოთეკა

ბათუმის ბოტანიკური ბაღის ეგზოტების ბიოლოგიის საკითხები=Вопросы биологии экзотов Батумского Ботанического сада. (ბიბ.ჩანაწერი № 44636)

000 -LEADER
fixed length control field 01033nam a2200217Ia 4500
001 - CONTROL NUMBER
control field 11439
003 - CONTROL NUMBER IDENTIFIER
control field GE_BSU
008 - FIXED-LENGTH DATA ELEMENTS--GENERAL INFORMATION
fixed length control field 181216s||||||||xx |||||||||||||| ||und||
040 ## - CATALOGING SOURCE
Transcribing agency GE_BSU
080 ## - UNIVERSAL DECIMAL CLASSIFICATION NUMBER
Universal Decimal Classification number 58(479.223)
245 ## - TITLE STATEMENT
Title ბათუმის ბოტანიკური ბაღის ეგზოტების ბიოლოგიის საკითხები=Вопросы биологии экзотов Батумского Ботанического сада.
245 ## - TITLE STATEMENT
Statement of responsibility, etc. რედ:ნ.მ.შარაშიძე.
260 ## - PUBLICATION, DISTRIBUTION, ETC.
Place of publication, distribution, etc. თბილისი.
260 ## - PUBLICATION, DISTRIBUTION, ETC.
Name of publisher, distributor, etc. მეცნიერება.
260 ## - PUBLICATION, DISTRIBUTION, ETC.
Date of publication, distribution, etc. 1972.
300 ## - PHYSICAL DESCRIPTION
Extent 108გვ;25სმ.
300 ## - PHYSICAL DESCRIPTION
Accompanying material ილ.
653 ## - INDEX TERM--UNCONTROLLED
Uncontrolled term ბათუმის ბოტანიკური ბაღის ეგზოტების ბიოლოგიის საკითხები=Вопросы биологии экзотов Батумского Ботанического сада.
653 ## - INDEX TERM--UNCONTROLLED
Uncontrolled term ბიოლოგია
942 ## - ADDED ENTRY ELEMENTS (KOHA)
Koha item type წიგნი
ეგზემპლარები
Withdrawn status Lost status Damaged status Not for loan Date acquired Barcode Date last seen Price effective from Koha item type
        2018-12-17 20265 2018-12-17 2018-12-17 წიგნი